000 01039nam a2200229 a 4500
001 49139
003 BD-RjUL
005 20211209054635.0
008 160817s2009 BG a|||| |||| 00| 0 ben d
020 _c:TK. 240.00
_a9847000000897
035 _a(BD-RjUL)49258
040 _aBD-RjUL
_bben
_cBD-RjUL
041 _aben
082 _223
_a891.443
_bSAA 2009
100 1 _aসরকার, সুজিত
_9147749
245 1 0 _aআধুনিক বাংলা উপন্যাসের ভাষা সমীক্ষা :
_cসুজিত সরকার
_bমানিক বন্দ্যোপাধ্যায় ও সৈয়দ ওয়লী উল্লাহ /
260 _aঢাকা :
_bজাতীয় সাহিত্য প্রকাশ,
_c২০০৯
300 _a২৫৬ পৃ. ;
_c২১ সেমি.
650 _aবাংলা উপন্যাস
_9147674
_xইতিহাস ও সমালোচনা
650 _aBengali Fiction
_9147702
_xHistory and Criticism
942 _2ddc
_cBK
999 _c49139
_d49139